Cause and effect : intermediate reading practice with answers
Kaydedildi:
| Yazar: | |
|---|---|
| Materyal Türü: | Kitap |
| Dil: | Vietnamese |
| Baskı/Yayın Bilgisi: |
Trẻ
2003
|
| Etiketler: |
Etiketle
Etiket eklenmemiş, İlk siz ekleyin!
|
| Thư viện lưu trữ: | Mạng thư viện Đại học Đà Nẵng |
|---|
| LEADER | 00710nam a2200253 4500 | ||
|---|---|---|---|
| 001 | 000020930 | ||
| 003 | 17377 | ||
| 005 | 20150330140310.0 | ||
| 008 | 150330s2003 viesd | ||
| 020 | |c 22000 | ||
| 041 | 0 | |a vie | |
| 082 | 1 | 4 | |a 428.64 |b AC-P |
| 100 | 1 | |a Ackert, Patricia | |
| 245 | 1 | 0 | |a Cause and effect : intermediate reading practice with answers |c Patricia Ackert, Nicki Giroux de Navarro, Jean Berbard ; ban biên dịch First News. |
| 260 | |b Trẻ |c 2003 | ||
| 300 | |a tr. |c cm. | ||
| OWN | |a LSP | ||
| 999 | |a From the UDN01 | ||
| TYP | |a Monograph | ||
| TYP | |a Printed language | ||
| 980 | |a Mạng thư viện Đại học Đà Nẵng | ||